000 00608nam a22002177a 4500
008 150521b xxu||||| |||| 00| 0 eng d
020 _a9780781749886
041 0 _aeng
080 _a616
100 1 _aPorth, Carol.
245 1 0 _aPathophysiology :
_cCarol Mattson Porth.
250 _a7th ed.
260 _aPhiladelphia :
_bLippincott Williams & Wilkins,
_cc2005.
300 _a1582 f. :
_bme il. ;
_c28 cm.
650 0 _2Fiziologji, Patologjike
650 0 _aInfermieri
650 1 2 _aSëmundjet
650 2 2 _aPatologji
650 2 2 _aFiziologji
942 _2udc
_cBK
999 _c882
_d882